Score 0/20 Timer 03:00
1 Play Today
Hint Answer % Correct
Sex and the _____City
99%
Married... with _____Children
94.5%
Three's _____Company
92.3%
Dawson's _____Creek
91.6%
The Odd _____Couple
90.2%
House of _____Cards
89.3%
Monty Python’s Flying _____Circus
81.7%
Cold _____Case
80.4%
In Living _____Color
77.7%
Blues _____Clues
77.3%
Hint Answer % Correct
Charles in _____Charge
76.7%
The _____ ReportColbert
73.4%
_____ & LaceyCagney
70.9%
WKRP in _____Cincinnati
67.6%
Hot in _____Cleveland
64%
Night _____Court
59.5%
Flight of the _____Conchords
53.7%
_____ JordanCrossing
50.3%
_____ FireChicago
47%
White _____Collar
28.3%

Today's Daily Dose

Remove Ads.
Support Sporcle.
Get the best of Sporcle when you Go Orange. This ad-free experience offers more features, more stats, and more fun while also helping to support Sporcle. Thank you for becoming a member.

You're not logged in!

Compare scores with friends on all Sporcle quizzes.
OR
Log In

Show Comments

Extras

Top Quizzes Today


Score Distribution

Your Account Isn't Verified!

In order to create a playlist on Sporcle, you need to verify the email address you used during registration. Go to your Sporcle Settings to finish the process.

Report this User

Report this user for behavior that violates our Community Guidelines.

Details: